| 000 | 00743nas a2200241u 4500 | ||
|---|---|---|---|
| 001 | 33054 | ||
| 003 | BD-RjUL | ||
| 005 | 20211209051934.0 | ||
| 008 | 140429s190? pk u 0 10 0eng | ||
| 035 | _a(BD-RjUL)33144 | ||
| 040 |
_aDLC _cCarP _dDLC _dBD-RjUL _beng |
||
| 041 | _aeng | ||
| 082 |
_a061.48 _bPAK V-1 [190?] |
||
| 245 | 0 | 0 |
_aPakistan directory of trade chambers and associations / _nVolume i |
| 260 |
_aKarachi : _bTrade Promotion Directories, _c[190?]. |
||
| 300 |
_avi, 196 p. ; _c26 cm. |
||
| 504 | _aIncludes Index. | ||
| 650 | 0 |
_aCommercial associations _zPakistan _vDirectories. _9100443 |
|
| 650 | 0 |
_aBoards of trade _zPakistan _vDirectories. _9100442 |
|
| 942 |
_2ddc _cBK |
||
| 999 |
_c33054 _d33054 |
||